| 000 | 00345nam a22001457a 4500 | ||
|---|---|---|---|
| 008 | 230403b ||||| |||| 00| 0 eng d | ||
| 020 | _a9780977226832 | ||
| 041 | _aeng | ||
| 080 |
_2TWELFTH EDITION _a616.53 |
||
| 082 | _a616.53 | ||
| 100 | _a14 | ||
| 101 | _aPEDIATRI | ||
| 245 |
_aMEDICATIONS AND MOTHERS'MILK _cHALE.W.TH |
||
| 942 |
_2udc _cBK |
||
| 999 |
_c59484 _d59484 |
||